| 000 -LEADER |
| fixed length control field |
00578nam a22001937a 4500 |
| 008 - FIXED-LENGTH DATA ELEMENTS--GENERAL INFORMATION |
| fixed length control field |
151022b xxu||||| |||| 00| 0 eng d |
| 020 ## - INTERNATIONAL STANDARD BOOK NUMBER |
| International Standard Book Number |
0808009605 |
| 041 0# - LANGUAGE CODE |
| Language code of text/sound track or separate title |
eng |
| 080 ## - UNIVERSAL DECIMAL CLASSIFICATION NUMBER |
| Universal Decimal Classification number |
336.28 |
| 245 00 - TITLE STATEMENT |
| Title |
CCH federal taxation. |
| 246 10 - VARYING FORM OF TITLE |
| Title proper/short title |
Federal taxation. |
| 246 10 - VARYING FORM OF TITLE |
| Title proper/short title |
Comprehensive topics |
| 260 ## - |
| -- |
Chicago, Ill. : |
| -- |
Commerce Clearing House, Inc., |
| -- |
1993. |
| 300 ## - |
| -- |
1. various pagings .: |
| -- |
28 cm. |
| 650 #0 - |
| -- |
Kontabilitet |
| -- |
Ligji dhe legjislacioni |
| -- |
Shtetet e Bashkuara të Amerikës |
| 650 #0 - |
| -- |
Taksa |
| 710 2# - |
| -- |
Commerce Clearing House. |
| 942 ## - ADDED ENTRY ELEMENTS (KOHA) |
| Source of classification or shelving scheme |
|
| Item type |
Books |